00339nam a2200109Ia 4500008004100000041000800041100002300049245007300072260004900145300000800194700002700202250110s9999 xx 000 0 und d aeng aPoovassery Anushka aOptimizing, Materialization And Form Finding 3D Graphic & Wheat Bran bBNCA M Arch Digital ArchitectureaPunec2023 a50p aGuide Name:Deva Prasad